Einblicke in die Finanzverwaltung, Justiz, Kultur: [Festschrift ... aus dem besonderen Anlass des 30-jährigen Bestehens der Verwaltungsfachhochschule (VFH) Rotenburg]
| Körperschaft: | |
|---|---|
| Medienart: | Druck Buch |
| Sprache: | Deutsch |
| Veröffentlicht: |
Rotenburg a.d. Fulda
Studienzentrum der Finanzverwaltung und Justiz
2010
|
| In: |
Schriftenreihe des Studienzentrums der Finanzverwaltung und Justiz Rotenburg an der Fulda (Bd. 8)
Jahr: 2010 |
| Online-Zugang: |
Inhaltsverzeichnis |
| Bestand in Albert-Krebs Bibliothek: | WA.00.022 2015-698 |
| Verfügbarkeit prüfen: | HBZ Gateway |
| Subito Bestelldienst: | Jetzt bestellen. |
| Schlagwörter: |
MARC
| LEADER | 00000cam a2200000 c 4500 | ||
|---|---|---|---|
| 001 | 641840985 | ||
| 003 | DE-627 | ||
| 005 | 20251223224402.0 | ||
| 007 | tu | ||
| 008 | 101215s2010 gw ||||| 00| ||ger c | ||
| 015 | |a 10,B50 |2 dnb | ||
| 016 | 7 | |a 100860433X |2 DE-101 | |
| 020 | |a 9783981046366 |c kart. |9 978-3-9810463-6-6 | ||
| 035 | |a (DE-627)641840985 | ||
| 035 | |a (DE-576)9641840983 | ||
| 035 | |a (DE-599)DNB100860433X | ||
| 035 | |a (OCoLC)838030282 | ||
| 040 | |a DE-627 |b ger |c DE-627 |e rakwb | ||
| 041 | |a ger | ||
| 044 | |c XA-DE | ||
| 082 | 0 | |a 340 |q BSZ | |
| 082 | 0 | |a 350 |q BSZ | |
| 082 | 0 | 4 | |a 350 |a 340 |q DNB |
| 084 | |a 2,1 |2 ssgn | ||
| 084 | |a PC 4650 |q DE-208 |2 rvk |0 (DE-625)rvk/135082: | ||
| 084 | |a 81.45 |2 bkl | ||
| 090 | |a a | ||
| 245 | 0 | 0 | |a Einblicke in die Finanzverwaltung, Justiz, Kultur |b [Festschrift ... aus dem besonderen Anlass des 30-jährigen Bestehens der Verwaltungsfachhochschule (VFH) Rotenburg] |c hrsg. vom Studienzentrum der Finanzverwaltung und Justiz in Rotenburg a.d. Fulda |
| 246 | 3 | 0 | |a Festschrift Verwaltungsfachhochschule (VFH) Rotenburg |
| 264 | 1 | |a Rotenburg a.d. Fulda |b Studienzentrum der Finanzverwaltung und Justiz |c 2010 | |
| 300 | |a XI, 445 S. |b Ill. |c 24 cm | ||
| 336 | |a Text |b txt |2 rdacontent | ||
| 337 | |a ohne Hilfsmittel zu benutzen |b n |2 rdamedia | ||
| 338 | |a Band |b nc |2 rdacarrier | ||
| 490 | 1 | |a Schriftenreihe des Studienzentrums der Finanzverwaltung und Justiz Rotenburg an der Fulda |v Bd. 8 | |
| 583 | 1 | |a Archivierung prüfen |c 20230513 |f DE-640 |z 1 |2 pdager | |
| 650 | 4 | |a Rechtspflege |x Verwaltung |7 (dpeaa)DE-2619 | |
| 650 | 4 | |a Finanzverwaltung |7 (dpeaa)DE-2619 | |
| 655 | 7 | |a Festschrift |0 (DE-588)4016928-5 |0 (DE-627)104400986 |0 (DE-576)208917802 |2 gnd-content | |
| 689 | 0 | 0 | |d b |0 (DE-588)5542088-6 |0 (DE-627)364014261 |0 (DE-576)199275327 |a Verwaltungsfachhochschule |g Rotenburg a. d. Fulda |2 gnd |
| 689 | 0 | |5 (DE-627) | |
| 710 | 2 | |a Studienzentrum der Finanzverwaltung und Justiz Rotenburg an der Fulda |0 (DE-588)10165710-9 |0 (DE-627)526965541 |0 (DE-576)263463214 |4 oth | |
| 810 | 2 | |a Studienzentrum der Finanzverwaltung und Justiz Rotenburg an der Fulda |t Schriftenreihe des Studienzentrums der Finanzverwaltung und Justiz Rotenburg an der Fulda |v Bd. 8 |9 8 |w (DE-627)548640297 |w (DE-576)45558513X |w (DE-600)2394933-8 |7 am | |
| 856 | 4 | 2 | |u http://www.gbv.de/dms/spk/sbb/toc/641840985.pdf |m V:DE-601 |m B:DE-1 |q pdf/application |v 2011-02-28 |x Verlag |y Inhaltsverzeichnis |3 Inhaltsverzeichnis |7 1 |
| 889 | |w (DE-576)33533797X | ||
| 889 | |w (DE-627)1405337974 | ||
| 935 | |a mkri | ||
| 935 | |i sf | ||
| 935 | |i mdedup | ||
| 936 | r | v | |a PC 4650 |b Für Institutionen |k Rechtswissenschaft |k Allgemeines zum juristischen Studium und zur Rechtswissenschaft |k Festschriften, Sammelwerke |k Für Institutionen |0 (DE-627)1271142260 |0 (DE-625)rvk/135082: |0 (DE-576)201142260 |
| 936 | b | k | |a 81.45 |j Schulverwaltung |0 (DE-627)106410202 |
| 951 | |a BO | ||
| ELC | |b 1 | ||
| LOK | |0 000 xxxxxcx a22 zn 4500 | ||
| LOK | |0 001 4196217206 | ||
| LOK | |0 003 DE-627 | ||
| LOK | |0 004 641840985 | ||
| LOK | |0 005 20221011145655 | ||
| LOK | |0 008 221011||||||||||||||||ger||||||| | ||
| LOK | |0 035 |a (DE-2619)k04388 | ||
| LOK | |0 040 |a DE-2619 |c DE-627 |d DE-2619 | ||
| LOK | |0 092 |o n | ||
| LOK | |0 541 |e Bestand Albert-Krebs-Bibliothek: 2015-698 | ||
| LOK | |0 852 |a DE-2619 | ||
| LOK | |0 852 1 |c WA.00.022 |m p |9 00 | ||
| LOK | |0 935 |a kreb | ||
| LOK | |0 938 |k p | ||
| LOK | |0 939 |a 11-10-22 |b l01 | ||
| ORI | |a SA-MARC-krimdoka001.raw | ||
